000 00794nam a2200229 ar4500
001 2428
005 20221127090433.0
008 110130s xxka 00010|eng d
020 _a9781405881395 : :
_cSR136.00
082 0 4 _a428.2402465
_bC829 2006
100 1 _aCotton, David.
245 1 0 _aMarket leader :
_bupper intermediate business English course book /
_cDavid Cotton, D. Falvey, Simon Kent.
250 _aNew ed.
260 _aHarlow, England :
_bPearson/Financial Times,
_c2006.
300 _a176 p. :
_bill. ;
_c30 cm.
_e2 CDs.
500 _aPrev. ed. : 2001.
650 4 _aEnglish language
_xBusiness English.
650 4 _aEnglish language
_xStudy and teaching.
650 4 _aEnglish language
_vTextbooks.
700 0 _aFalvey, David,
_ejt. auth.
700 0 _aKent, Simon,
_ejt. auth.
999 _c2426
_d2426